000
00273nam a2200109Ia 4500
005
20251222154336.0
008
251222s9999||||xx |||||||||||||| ||spa||
082
_a
868.9/M26E
100
_a
"Maragall, Joan"
245
0
_a
Elogio de la palabra y otros artÃculos
942
_c
LIB
999
_c
34330
_d
34330